Nucleic Acids (Record no. 16553)
[ view plain ]
| 000 -LEADER | |
|---|---|
| fixed length control field | 00239nam a22000977a 4500 |
| 008 - FIXED-LENGTH DATA ELEMENTS--GENERAL INFORMATION | |
| fixed length control field | 131127t xxu||||| |||| 00| 0 eng d |
| 020 ## - INTERNATIONAL STANDARD BOOK NUMBER | |
| International Standard Book Number | 978-0-85404-654-6 |
| 245 ## - TITLE STATEMENT | |
| Title | Nucleic Acids |
| Remainder of title | in chemistry and biology |
| 300 ## - PHYSICAL DESCRIPTION | |
| Extent | Book |
| 942 ## - ADDED ENTRY ELEMENTS (KOHA) | |
| Source of classification or shelving scheme | |
| Koha item type | Book |
| Withdrawn status | Lost status | Source of classification or shelving scheme | Damaged status | Not for loan | Permanent Location | Current Location | Date acquired | Total Checkouts | Full call number | Barcode | Date last seen | Price effective from | Koha item type |
|---|---|---|---|---|---|---|---|---|---|---|---|---|---|
| Atta-ur-Rahman School of Applied Biosciences (ASAB) | Atta-ur-Rahman School of Applied Biosciences (ASAB) | 11/27/2013 | 547.79 BLA | ASAB1423 | 11/27/2013 | 11/27/2013 | Book |
